Les amant(e)s des héros/divinités grecques - Statistiques

Statistiques générales
  • Ce quiz a été pris 24 fois
  • Le résultat moyen est 7 sur 10
Statistiques - réponses
Hint Réponse % Correct
Léto, Léda, Sémélé, Ganymède, ... Zeus
100%
Phaéton, Anchise, Arès, ... Aphrodite
95%
Minthe, Perséphone, ... Hadès
90%
Enyo, Aphrodite, Eos, ... Arès
81%
Chioné, Célaeno, Alcyoné, ... Poséidon
71%
Coronis, Daphné, Hyacinthe, ... Apollon
67%
Mégara, Déjanire, Hébé, ... Héraclès
62%
Iasion, Poséidon, ... Déméter
38%
Ariane, Nicée, Althée, ... Dionysos
38%
Aphrodite, Chioné, Polymèle, ... Hermès
38%
Aucun quiz correspondant
Distribution des résultats
% des personnes avec chaque résultat
Percentile par nombre de réponses
Votre historique - résultats
Vous n’avez pas pris ce quiz